เปลี่ยนเป็นภาษาไทย

Change to English
 แสดงรายละเอียดบรรณานุกรม
  กลับหน้าหลัก

Brief Record : Get Marc (ISO 2709) : E-mail record : QR code กลับ
หนังสือการแพทย์ E-books หนังสือทั่วไป : เกี่ยวกับ Collections
LEADER 00000nam 2200000uu 4500
001    39080
003     ULIBM
008    020711s2564 th a 000 0 tha d
020    9786164385801
060    WY160 ส265ก 2564
100    สมพร รุ่งเรืองกลกิจ
245    การพยาบาลผู้ป่วยที่มีภาวะซึมเศร้าอย่างมีความละเอียดอ่อนเชิงเพศภาวะ/สมพร รุ่งเรืองกลกิจ
260     ^bคณะพยาบาลศาสตร์ มหาวิทยาลัยขอนแก่น^c2564
300    264 หน้า
650  0 โรคซึมเศร้า--ผู้ป่วย--การพยาบาล
650  0 โรคซึมเศร้า--ผู้ป่วย--ความแตกต่างทางเพศ
650  0 ความซึมเศร้า
999    ^aศุภิสรา หมั่นหินลาด
999    ^aฐานิตา โสภะสุนทร
รายการนี้ยังไม่มีแท็ก
คุณยังไม่ได้ล็อกอิน คุณสามารถมีกิจกรรมร่วมกับเว็บไซต์ได้ แต่ต้องล็อกอินก่อน ::
  ล็อกอิน
ลำดับที่ ประเภท เลขเรียก/บาร์โค้ด สถานที่ สถานะ
1. หนังสือทั่วไป
หนังสือทั่วไป
WY160 ส265ก 2564 ฉ.1 
  Barcode: 004876
KRPH Library On Shelf
  ขอยืม
2. หนังสือทั่วไป
หนังสือทั่วไป
WY160 ส265ก 2564 ฉ.2 
  Barcode: 004993
KRPH Library On Shelf
  ขอยืม
3. หนังสือทั่วไป
หนังสือทั่วไป
WY160 ส265ก 2564 ฉ.3 
  Barcode: 005459
KRPH Library On Shelf
  ขอยืม
4. หนังสือทั่วไป
หนังสือทั่วไป
WY160 ส265ก 2564 ฉ.4 
  Barcode: 005460
KRPH Library On Shelf
  ขอยืม
5. หนังสือทั่วไป
หนังสือทั่วไป
WY160 ส265ก 2564 ฉ.5 
  Barcode: 005461
KRPH Library On Shelf
  ขอยืม
6. หนังสือทั่วไป
หนังสือทั่วไป
WY160 ส265ก 2564 ฉ.6 
  Barcode: 005462
KRPH Library On Shelf
  ขอยืม
   [แสดง 6/6 รายการ]

รายการใกล้เคียง
    ผู้แต่ง [สมพร รุ่งเรืองกลกิจ]

    หัวเรื่อง [ความซึมเศร้า]

BibComment


ยังไม่เคยถูกคอมเมนท์

คอมเมนท์ทรัพยากรรายการนี้
  คอมเมนท์: การพยาบาลผู้ป่วยท..
Bib 39080


 Union Library Management : ULibM
Copyright 2026. All Rights Reserved.